[Event "Milan Crespi op-B 34th"]
[Site "Milan"]
[Date "2013.12.06"]
[Round "3"]
[White "Da Campo, Giuseppe"]
[Black "Milazzo, Gianluca"]
[Result "1-0"]
[WhiteElo "1628"]
[BlackElo "1485"]
[PlyCount "57"]
[EventDate "2013.12.04"]
[EventType "swiss"]
[EventRounds "7"]
[EventCountry "ITA"]
[SourceTitle "EXT 2015"]
[Source "ChessBase"]
[SourceDate "2014.11.20"]
[SourceVersion "1"]
[SourceVersionDate "2014.11.20"]
[SourceQuality "1"]

1. d4 Nf6 2. Nf3 g6 3. Bf4 Bg7 4. e3 d6 5. Bd3 0-0 6. Nbd2 Nc6 7. c3 Nd7 8. Qc2 e5 9. dxe5 Ndxe5 10. Nxe5 dxe5 11. Bg3 a5 12. 0-0 Be6 13. Rad1 f5 14. f4 e4 15. Bc4 Qe7 16. Qb3 Nd8 17. Bh4 Bf6 18. Bxf6 Rxf6 19. Bxe6+ Rxe6 20. Nc4 Kg7 21. Rd5 b6 22. Rfd1 Nf7 23. Rd7 Qc5 24. R1d5 Qf8 25. Ne5 Re7 26. Rxe7 Qxe7 27. Rd7 Qxd7 28. Nxd7 Rd8 29. Qe6 1-0